[Event "Varna op 6th"]
[Site "Varna"]
[Date "2012.07.19"]
[Round "8"]
[White "Bagaturov, Giorgi"]
[Black "Georgiev, Biser"]
[Result "1-0"]
[WhiteElo "2455"]
[BlackElo "2258"]
[PlyCount "111"]
[EventDate "2012.07.11"]
[EventType "swiss"]
[EventRounds "9"]
[EventCountry "BUL"]
[SourceTitle "CBM 149 Extra"]
[Source "ChessBase"]
[SourceDate "2012.08.24"]
[SourceVersion "1"]
[SourceVersionDate "2012.08.24"]
[SourceQuality "1"]

1. d4 Nf6 2. c4 g6 3. Nf3 Bg7 4. g3 c6 5. Bg2 d5 6. 0-0 0-0 7. Qb3 Qb6 8. Nc3 Qxb3 9. axb3 Na6 10. Ne5 Be6 11. Nxc6 bxc6 12. Rxa6 Rfc8 13. Bf4 Nh5 14. Be3 Rab8 15. cxd5 cxd5 16. Nxd5 Bxd5 17. Bxd5 Rd8 18. Bc4 Bxd4 19. Bxd4 Rxd4 20. Rxa7 e6 21. Rfa1 Rd2 22. Rc7 Ng7 23. Raa7 Rf8 24. Ra2 Nf5 25. Kg2 h5 26. h4 Rb8 27. Bd3 Kg7 28. Raa7 Nh6 29. Rab7 Rxb7 30. Rxb7 Rxb2 31. f3 Nf5 32. Bxf5 gxf5 33. Kf2 Kf6 34. Ke3 e5 35. Rb6+ Ke7 36. Kd3 f6 37. b4 Rb3+ 38. Kd2 e4 39. fxe4 fxe4 40. Rb5 Rxg3 41. e3 Rg1 42. Rxh5 Rb1 43. b5 Rb3 44. Rc5 Rd3+ 45. Ke2 Rb3 46. Kd2 Rd3+ 47. Kc2 Kd6 48. Rc3 Rd5 49. b6 Rb5 50. Rb3 Rc5+ 51. Kd2 Rc8 52. b7 Rb8 53. Ke2 Kc7 54. h5 Kc6 55. h6 Kc5 56. h7 1-0

[Event "Varna op 6th"]
[Site "Varna"]
[Date "2012.07.14"]
[Round "4"]
[White "Georgiev, Biser"]
[Black "Dubinsky, Alexander"]
[Result "1-0"]
[WhiteElo "2258"]
[BlackElo "1911"]
[PlyCount "49"]
[EventDate "2012.07.11"]
[EventType "swiss"]
[EventRounds "9"]
[EventCountry "BUL"]
[SourceTitle "CBM 149 Extra"]
[Source "ChessBase"]
[SourceDate "2012.08.24"]
[SourceVersion "1"]
[SourceVersionDate "2012.08.24"]
[SourceQuality "1"]

1. d4 Nf6 2. c4 b6 3. Nc3 e6 4. e4 Bb7 5. f3 Bb4 6. Nge2 0-0 7. a3 Be7 8. Be3 Nh5 9. Qd2 f5 10. exf5 exf5 11. 0-0-0 d5 12. Nxd5 Bxd5 13. cxd5 Nf6 14. Nf4 Qd7 15. Bc4 Kh8 16. Qd3 Rc8 17. Kb1 Bd6 18. Ne6 c6 19. Qxf5 cxd5 20. Bxd5 Nxd5 21. Qxd5 Nc6 22. Bf4 Nd8 23. Nxg7 Kxg7 24. Qxd6 Qxd6 25. Bxd6 1-0

[Event "Varna op 5th"]
[Site "Varna"]
[Date "2011.07.06"]
[Round "5"]
[White "Georgiev, Biser"]
[Black "Just, Wolfgang"]
[Result "1-0"]
[WhiteElo "2263"]
[BlackElo "2189"]
[PlyCount "147"]
[EventDate "2011.07.03"]
[EventType "swiss"]
[EventRounds "9"]
[EventCountry "BUL"]
[SourceTitle "CBM 143 Extra"]
[Source "ChessBase"]
[SourceDate "2011.08.29"]
[SourceVersion "1"]
[SourceVersionDate "2011.08.29"]
[SourceQuality "1"]

1. e4 e6 2. d4 d5 3. Nd2 dxe4 4. Nxe4 Nd7 5. Nf3 Ngf6 6. Bd3 Nxe4 7. Bxe4 Nf6 8. Bd3 c5 9. Bg5 cxd4 10. Bb5+ Bd7 11. Bxd7+ Qxd7 12. Qxd4 Qxd4 13. Nxd4 Bc5 14. Bxf6 gxf6 15. Nb3 Bb6 16. Ke2 Rc8 17. c3 Rg8 18. g3 Rg5 19. f4 Rd5 20. Rhd1 Rcd8 21. Rxd5 Rxd5 22. Nd2 Ke7 23. c4 Rd8 24. Nf3 f5 25. b4 f6 26. Rc1 Bc7 27. c5 e5 28. Rc4 Rg8 29. a4 Ke6 30. c6 b6 31. fxe5 fxe5 32. Rh4 Rg7 33. b5 Bd8 34. Rh5 Bf6 35. Nh4 Bxh4 36. Rxh4 Kd5 37. Rb4 h5 38. Kf3 Ke6 39. Rc4 Kd6 40. Rc2 Rc7 41. Rd2+ Ke7 42. Rd5 Ke6 43. Rd8 Rh7 44. h3 e4+ 45. Kf4 h4 46. g4 fxg4 47. Kxg4 Ke5 48. Rd7 Rh8 49. Rxa7 Rg8+ 50. Kxh4 e3 51. Re7+ Kf4 52. Kh5 Kf5 53. Rf7+ Ke4 54. Kh6 e2 55. Re7+ Kd3 56. a5 bxa5 57. c7 a4 58. b6 Rc8 59. Rxe2 Kxe2 60. b7 Rxc7 61. b8Q Rc4 62. Qb5 Kd3 63. h4 Kc3 64. Qe5+ Kb3 65. h5 a3 66. Kg6 Rg4+ 67. Kf5 Ra4 68. h6 a2 69. h7 a1Q 70. Qxa1 Rxa1 71. h8Q Re1 72. Qd4 Re8 73. Qb6+ Ka3 74. Qa5+ 1-0